[Event "Ostrava op-B"]
[Site "Ostrava"]
[Date "2003.05.08"]
[Round "7"]
[White "Matzner, Radomil"]
[Black "Strzadala, Alfred"]
[Result "1/2-1/2"]
[WhiteElo "1632"]
[BlackElo "1912"]
[PlyCount "47"]
[EventDate "2003.05.03"]
[EventType "swiss"]
[EventRounds "10"]
[EventCountry "CZE"]
[SourceTitle "EXT 2006"]
[Source "ChessBase"]
[SourceDate "2005.11.24"]
[SourceVersion "1"]
[SourceVersionDate "2005.11.24"]
[SourceQuality "1"]

1. e4 c5 2. f4 g6 3. Nf3 Bg7 4. Bc4 Nc6 5. 0-0 d6 6. Ng5 e6 7. d3 h6 8. Nf3 Nge7 9. Nc3 d5 10. exd5 exd5 11. Bb3 0-0 12. Bd2 Bg4 13. h3 Bxf3 14. Qxf3 c4 15. dxc4 dxc4 16. Ba4 Bxc3 17. Bxc3 b5 18. f5 Qb6+ 19. Kh1 Nxf5 20. g4 Ncd4 21. Qf2 bxa4 22. gxf5 Nxf5 23. Qxb6 axb6 24. Rxf5 1/2-1/2